000 00541nam a2200205Ia 4500
003 OSt
005 20220926044732.0
006 a|||||r|||| 00| 0
007 ta
008 220923b |||||||| |||| 00| 0 eng d
037 _cGeneral Book
040 _aRTL
_cRTL
_beng
041 _2eng
_aeng
082 _aX:76:(B), J6;K4/TD1
100 _aWeintraub Sidney
_9317067
245 0 _aInternational price theory
260 _c1964
942 _hX:76:(B), J6;K4/TD1
_cGB
_2CC
999 _c675638
_d675638